| 000 | 01972nam a2200397 c 4500 | ||
|---|---|---|---|
| 003 | BLK | ||
| 005 | 20220509152505.0 | ||
| 008 | 180408b bul|||||r ||||||| ||bul|| | ||
| 010 | _aKNG00037623000 | ||
| 020 |
_a954-680-165-8 _bиздат.: Унив. изд. Неофит Рилски |
||
| 040 | _aBLK | ||
| 041 |
_aBUL _cBUL |
||
| 080 |
_aСоциална помощ за специални групи на обществото (слепи, глухонеми и др.) _b364.465 _x(075.8) _z364.465(075.8) |
||
| 080 |
_aВъзрастови групи. Социология на младежта, на децата, на средната възраст и на старостта _b316.346.32 _x(075.8) _z316.346.32(075.8) |
||
| 100 | 1 |
_aДерижан, Ицка Михайлова _eпърви автор _9273976 |
|
| 139 |
_aДерижан, Ицка Михайлова _bД 44 |
||
| 245 | 1 | 0 |
_aТехнология на социалната работа с деца _bУч. дисциплина за студенти по соц. дейности _cИцка Михайлова Дерижан. |
| 257 | _aBGR | ||
| 260 |
_аБлагоевград _bУнив. изд. Неофит Рилски _c2001 |
||
| 300 |
_a162 с. _bс табл. _c21 см |
||
| 380 | _a3 | ||
| 500 | _aОфс. изд. - Съдържа и Закон за закрила на детето. - Библиогр. с. 142-146. | ||
| 504 | _a142-146 | ||
| 650 | 4 |
_aСоциални грижи - учебници за ВУЗ _9273977 |
|
| 650 | 4 |
_aСоциални работници - професионална подготовка _9273978 |
|
| 650 | 4 |
_aДеца - социология _9265641 |
|
| 653 | _aдеца | ||
| 653 | _aсоциални грижи | ||
| 653 | _aучебници за ВУЗ | ||
| 653 | _aсоциални работници | ||
| 852 | _aЦб 209633 | ||
| 856 | 4 |
_qpdf _u |
|
| 856 | 4 |
_qpdf _u |
|
| 942 |
_cKNG _n0 _08 |
||
| 944 |
_aCR _c15.01.2003 _kЛюдмила_Стоянова |
||
| 944 |
_aED _c08.03.2007 _k |
||
| 999 |
_c34912 _d34912 |
||